000 00486nam a22001937a 4500
005 20170222113944.0
008 170222b xxu||||| |||| 00| 0 eng d
020 _a9781862077553
_c200
040 _aLoreto College
082 _aF
_bSAR
100 _aSardar,Ziauddin
245 _aDesperately seeking paradise
_cSardar,Ziauddin
260 _aLondon
_bGranta Books
_c2005
300 _a354p.
_b22cm
504 _aInclude index
650 _aFiction
850 _aLCLIB
942 _cBK
999 _c40904
_d91383